Statistics for Battle Scars - Guy Sebastian Feat. Lupe Fiasco - All Lyrics

Click here to take the quiz!

General Stats

  • This quiz has been taken 11 times
  • The average score is 458 of 633

Answer Stats

Answer% Correct
battle
100%
me
100%
scars,
100%
scars
100%
the
100%
The
100%
a
89%
A
89%
ain't
89%
And
89%
away
89%
but
89%
But
89%
(Can
89%
'cause
89%
'Cause
89%
change
89%
does
89%
don't
89%
Don't
89%
Don’t
89%
ever
89%
fading
89%
go
89%
going
89%
gonna
89%
heal,
89%
I
89%
it
89%
It
89%
let
89%
like
89%
look
89%
love,
89%
love
89%
(Never)
89%
Never
89%
never
89%
that
89%
These
89%
They
89%
they're
89%
war
89%
when
89%
When
89%
With
89%
with
89%
you
89%
You
89%
at
78%
be
78%
heals
78%
heals,
78%
hurt
78%
much)
78%
much
78%
(Much)
78%
on
78%
ruin
78%
so
78%
(So
78%
that's
78%
That’s
78%
to
78%
To
78%
wound
78%
yeah)
78%
all
67%
because
67%
feel,
67%
feel
67%
had
67%
(Had)
67%
hope
67%
Hope
67%
hurts
67%
I'm
67%
in
67%
just
67%
keep
67%
No,
67%
no
67%
of
67%
one
67%
only
67%
win
67%
your
67%
and
56%
(And
56%
And
56%
bad
56%
could
56%
good
56%
have
56%
it's
56%
not
56%
over)
56%
over
56%
over,
56%
tell
56%
(Then
56%
then)
56%
together
56%
trying
56%
Trying
56%
tryna
56%
up
56%
us
56%
wish
56%
you're
56%
(Best),
44%
best
44%
breaking
44%
come
44%
down
44%
felt
44%
fire
44%
(Fire)
44%
friends
44%
from
44%
frontline
44%
ground,
44%
her
44%
impossible
44%
is
44%
(It'll
44%
it'll
44%
I've
44%
know
44%
"medic”
44%
Now
44%
outweighed
44%
point
44%
ruins
44%
say
44%
screaming
44%
See,
44%
set
44%
shake
44%
should
44%
Until
44%
(Until
44%
why
44%
alive,
33%
alone
33%
Arrow
33%
beat
33%
being
33%
bring
33%
close
33%
couldn't
33%
Cupid
33%
forget
33%
Hanks
33%
holes
33%
home
33%
odds
33%
post-traumatic
33%
signs
33%
stop
33%
stresses
33%
thing
33%
Tom
33%
you've
33%
zone
33%
armors
22%
back)
22%
back
22%
Been
22%
body
22%
comes
22%
drones
22%
enemy
22%
fear
22%
Feeling
22%
fight
22%
fighter
22%
fires
22%
full
22%
hoped
22%
into
22%
leave
22%
locker
22%
lover,
22%
lover's
22%
loving
22%
maybe
22%
medicine
22%
nods
22%
poem
22%
properly
22%
rifle,
22%
sends
22%
Shields,
22%
shooting
22%
shouldn't
22%
spree
22%
stupid
22%
tanks
22%
touched
22%
unknown
22%
vests
22%
weren't
22%
within
22%
work,
22%
wounds
22%
write
22%
yourself
22%
another
11%
happened
11%
hoping
11%
looked,
11%
phone
11%
probably
11%
said
11%
sharpen
11%
Holding
0%
song
0%

Score Distribution

Percentile by Number Answered

Percent of People with Each Score

Your Score History

You have not taken this quiz